Financial planning and policy (Record no. 23687)

MARC details
000 -LEADER
fixed length control field 00340nam a2200133Ia 4500
082 ## - DEWEY DECIMAL CLASSIFICATION NUMBER
Classification number 658.15
Item number WAL
100 ## - MAIN ENTRY--AUTHOR NAME
Personal name Baughn, William H
245 #0 - TITLE STATEMENT
Title Financial planning and policy
260 ## - PUBLICATION, DISTRIBUTION, ETC. (IMPRINT)
Place of publication New York
Name of publisher Harper & Row
Year of publication 1961
650 ## - SUBJECT ADDED ENTRY--TOPICAL TERM
Topical Term Financial planning
700 ## - ADDED ENTRY--PERSONAL NAME
Personal name Ernest W
942 ## - ADDED ENTRY ELEMENTS (KOHA)
Koha item type Books
Holdings
Withdrawn status Lost status Damaged status Not for loan Home library Current library Date acquired Cost, normal purchase price Full call number Accession Number Koha item type
        RRII Library RRII Library 16/12/2021 6.25 658.15 WAL 04385 Books